000 00276nam a22001217a 4500
020 _a9789350300572
082 _a631.587.
_bSIN/HA
100 _aSingh,P
_91010
245 _aHandbook of Irrigation
260 _aJaipur
_bOxford Book Company
_c2012
300 _a296
942 _cBK
999 _c14586
_d14586